000 00840nab a2200253 u 4500
001 17501
003 HDC
007 cr bn ---aaaaa
008 210224c |r|noo 0 a d
040 _aHDC
100 _aSobrina Rosli,
_eauthor
_916505
245 0 _aHalal brand to lure big food producers to Brunei /
_cby Sobrina Rosli
260 _aBrunei :
_bBrunei Times PLC,
_c2008
336 _atext
_2rdacontent
337 _acomputer
_2rdamedia
338 _aonline resource
_2rdacarrier
650 _aHalal branding
_964
650 _aHalal food industry
_9128
710 _aThe Brunei Times
856 _zRequest full-text at [email protected]
942 _2lcc
942 _cNEWS
942 _kNWSO 009405
999 _c14817
_d14817